000 00303nam a22001337a 4500
008 181010b xxu||||| |||| 00| 0 eng d
020 _a9781416034360
041 _aeng
080 _23rd
_a610.73
100 _a2
101 _aINF
245 _aFundamentals of Nursing
_cHarkreader,H
942 _2udc
_cBK
999 _c49298
_d49298